00400cam a22001337a 4500008004000000020001800040082001500058100002000073245003900093260002500132300001000157650005600167650004300223180718b2010 xxu||||| |||| 00| 0 eng d a9780753539668 aA6x73 B963 aBush, George W. aDecision pointscby George W. Bush abVirgin Booksc2010 a497p. aUnited States --Politics and government --2001-2009 aBush, George W. (George Walker), 1946-